000 01018nam a2200301 a 4500
005 20160331093851.0
008 140227t1999 ck a fr|||| 00| 0 spa d
020 _a958953781 (Estudios en la Amazonia colombiana)
020 _a9589365094 (Volumen XIX)
040 _aCO-BoIAVH
_cCO-BoIAVH
041 0 _aspa
044 _ack
090 _aRE
_b00060
100 1 _aArbeláez, María Victoria
245 1 0 _aFlórula de la meseta de arenisca de la comunidad de Monochoa
246 _aFlorula of the sandstone plateau of the community of Monochoa
260 _aBogotá :
_bTropenbos Colombia,
_cc1999.
300 _a296 páginas :
_bIlustraciones ;
_c24 x 17 cm.
490 0 _aEstudios en la amazonia Colombiana
_v19
650 6 _aVegetación
650 6 _aEcología
650 6 _aFitogeografía
650 6 _aPteridofitos
650 6 _aAngiospermas
662 _aColombia
_cAraracuara
_bAmazonas
700 1 _aCallejas Posada, Ricardo
942 _cLIBRO
_2z
999 _c1475
_d1475